English to Italian Click Quiz: Clothing - Statistics

General Stats
  • This quiz has been taken 100 times
  • The average score is 18 of 46
Answer Stats
Hint Answer % Correct
jeans jeans
74%
pants pantaloni
67%
pajamas pigiama
67%
sunglasses occhiali da sole
62%
hiking boots scarpe da trekking
60%
sandals sandali
57%
watch orologio
55%
shorts pantaloncini
55%
scarf sciarpa
55%
swimsuit costume da bagno
52%
high-heeled shoes scarpe alte
52%
tennis shoes scarpe da ginnastrica
52%
tie cravatta
50%
gloves guanti
50%
flats (shoes) scarpe basse
50%
belt cintura
45%
running shoes scarpe da corsa
45%
hat cappello
43%
skirt gonna
43%
raincoat impermeabile
43%
clothes vestiti
43%
shirt camicia
40%
jacket giacca
40%
jewelry gioielli
40%
tuxedo jacket smoking
40%
rain boots stivali di gomma
38%
purse borsa
36%
coat cappotto
36%
wallet portafoglio
36%
cap berretto
31%
socks calze
31%
boots stivali
31%
underwear mutande
29%
bra reggiseno
26%
bathrobe accappatoio
24%
blouse camicetta
24%
tights collant
24%
t-shirt maglietta
24%
sweater maglione
24%
bowtie papillon
24%
flip-flops infradito
21%
dress abito
19%
sweatsuit tuta da ginnastrica
17%
sweater vest dolcevita
12%
sweatshirt felpa
12%
vest gilet
12%
No matching quizzes found
Score Distribution
Percent of People with Each Score
Percentile by Number Answered
Your Score History
You have not taken this quiz